Canzoni per parlare (Lp Ddd 460801 1) (Record n. 99703)
[ formato base ]
| 000 -LEADER | |
|---|---|
| fixed length control field | 02229njm a2200385Ia 4500 |
| 001 - CONTROL NUMBER | |
| control field | 66760 |
| 003 - CONTROL NUMBER IDENTIFIER | |
| control field | IT-RoPAU |
| 005 - DATE AND TIME OF LATEST TRANSACTION | |
| control field | 20220918181120.0 |
| 008 - FIXED-LENGTH DATA ELEMENTS--GENERAL INFORMATION | |
| fixed length control field | 131025s9999 xx 000 0 und d |
| 040 ## - CATALOGING SOURCE | |
| Original cataloging agency | IT-RoPAU |
| 040 ## - CATALOGING SOURCE | |
| Transcribing agency | IT-RoPAU |
| 041 ## - LANGUAGE CODE | |
| Language code of text/sound track or separate title | ITALIANO |
| 999 ## - SYSTEM CONTROL NUMBERS (KOHA) | |
| Koha Dewey Subclass [OBSOLETE] | n.d. |
| 100 ## - MAIN ENTRY--PERSONAL NAME | |
| Personal name | AA.VV. |
| 9 (RLIN) | 794 |
| 100 ## - MAIN ENTRY--PERSONAL NAME | |
| Relator term | Autore musica |
| 9 (RLIN) | 23785 |
| 100 ## - MAIN ENTRY--PERSONAL NAME | |
| Miscellaneous information | Codice autore musica SPICS: 12000 |
| 9 (RLIN) | 796 |
| 245 ## - TITLE STATEMENT | |
| Title | Canzoni per parlare (Lp Ddd 460801 1) |
| 250 ## - EDITION STATEMENT | |
| Edition statement | 1a ed. |
| 260 ## - PUBLICATION, DISTRIBUTION, ETC. (IMPRINT) | |
| Place of publication, distribution, etc. | ITALIA |
| 260 ## - PUBLICATION, DISTRIBUTION, ETC. (IMPRINT) | |
| Name of publisher, distributor, etc. | DDD - DROGUERIA DI DRUGOLO |
| Date of publication, distribution, etc. | 1988 [1a Ed.:1988 - Ed. Lingua Orig.: 1988] |
| 300 ## - PHYSICAL DESCRIPTION | |
| Extent | DISCO |
| 300 ## - PHYSICAL DESCRIPTION | |
| Dimensions | 39 minuti (Testo: 0 pag.) |
| 500 ## - GENERAL NOTE | |
| General note | Musica leggera. Canzone italiana. Arrangiamento di Fio Zanotti |
| 505 ## - FORMATTED CONTENTS NOTE | |
| Formatted contents note | Le notti di maggio (4:00) - I dubbi dell'amore (5:00) - I miei amici stanno al bar (4:00) - Fino a fermarmi (4:00) - La vita che vuoi (5:00) - Il tempo non torna più (5:00) - Non arrendersi (6:00) - La lettera che non scriverò mai (4:00) - Poverangelo (5:00) |
| 650 ## - SUBJECT ADDED ENTRY--TOPICAL TERM | |
| Topical term or geographic name as entry element | CANZONE ITALIAN [DISCHI] |
| Relator term | Codice MATERIA SPICS: 9950 |
| 9 (RLIN) | 23786 |
| 700 ## - ADDED ENTRY--PERSONAL NAME | |
| Personal name | Mannoia Fiorella |
| Miscellaneous information | Codice interprete SPICS: 14287 |
| Relator term | Interprete |
| 9 (RLIN) | 23787 |
| 700 ## - ADDED ENTRY--PERSONAL NAME | |
| Personal name | Fossati Ivano |
| Miscellaneous information | Codice autore testo/musica SPICS: 10192 |
| Relator term | Autore testo/musica |
| Name of part/section of a work | Le notti di maggio |
| 9 (RLIN) | 23788 |
| 700 ## - ADDED ENTRY--PERSONAL NAME | |
| Personal name | Schiavone Luigi |
| Miscellaneous information | Codice autore musica SPICS: 16489 |
| Relator term | Autore musica |
| Name of part/section of a work | I dubbi dell'amore - La vita che vuoi |
| 9 (RLIN) | 23789 |
| 700 ## - ADDED ENTRY--PERSONAL NAME | |
| Personal name | Ruggeri Enrico |
| Miscellaneous information | Codice autore testo/musica SPICS: 9765 |
| Relator term | Autore testo/musica |
| Name of part/section of a work | I dubbi dell'amore - I miei amici stanno al bar - La vita che vuoi - Il tempo non torna più - La lettera che non scriverò mai |
| 9 (RLIN) | 23790 |
| 700 ## - ADDED ENTRY--PERSONAL NAME | |
| Personal name | Cocciante Riccardo |
| Miscellaneous information | Codice autore testo/musica SPICS: 10831 |
| Relator term | Autore testo/musica |
| Name of part/section of a work | I miei amici stanno al bar - La lettera che non scriverò mai |
| 9 (RLIN) | 23791 |
| 700 ## - ADDED ENTRY--PERSONAL NAME | |
| Personal name | Cellamare Rosalino (Ron) |
| Miscellaneous information | Codice autore testo/musica SPICS: 14296 |
| Relator term | Autore testo/musica |
| Name of part/section of a work | Fino a fermarmi - Non arrendersi |
| 9 (RLIN) | 23792 |
| 700 ## - ADDED ENTRY--PERSONAL NAME | |
| Personal name | Fabrizi Piero |
| Miscellaneous information | Codice autore testo/musica SPICS: 23584 |
| Relator term | Autore testo/musica |
| Name of part/section of a work | La vita che vuoi - Il tempo non torna più - Poverangelo |
| 9 (RLIN) | 23793 |
| 700 ## - ADDED ENTRY--PERSONAL NAME | |
| Personal name | Luberti Marco |
| Miscellaneous information | Codice autore musica SPICS: 23581 |
| Relator term | Autore musica |
| Name of part/section of a work | Poverangelo |
| 9 (RLIN) | 23794 |
| 942 ## - ADDED ENTRY ELEMENTS (KOHA) | |
| Koha item type | DISCHI |
| Source of classification or shelving scheme | Dewey Decimal Classification |
| Withdrawn status | Lost status | Damaged status | Not for loan | Home library | Current library | Date acquired | Total Checkouts | Full call number | Date last seen | Price effective from | Koha item type | Public note |
|---|---|---|---|---|---|---|---|---|---|---|---|---|
| Buone Condizioni | Not For Loan | SPICS-MEDIATECA | SPICS-MEDIATECA | 25/10/2013 | 66760 | 25/10/2013 | 25/10/2013 | DISCHI | Progr. Ins.: 16387 / N.Vol.: 1 / Copie: 1 - Copia rara: n.d. / date import: 01.01.2014 - By Epidotti, Trombetti, Vaglietti |